| 000 | 01116cam a22003014a 4500 | ||
|---|---|---|---|
| 001 | 12159103 | ||
| 003 | GBCCL | ||
| 005 | 20241126110425.0 | ||
| 008 | 000830s2000 mou 000 0beng | ||
| 010 | _a 00010384 | ||
| 020 | _a0570052637 (pbk.) | ||
| 040 |
_aDLC _cDLC _dDLC |
||
| 042 | _apcc | ||
| 043 | _ae-no--- | ||
| 050 | 0 | 0 |
_aBX8080.B43 _bR63 2000 |
| 082 | 0 | 0 |
_a284.1092 _aB _221 _bROB |
| 100 | 1 |
_aRobertson, Edwin Hanton. _94685 |
|
| 245 | 1 | 0 |
_aBishop of the Resistance : _ba life of Eivind Berggrav, Bishop of Oslo, Norway / _cEdwin Robertson. |
| 260 |
_aSt. Louis : _bConcordia Pub. House, _cc2000. |
||
| 300 |
_a222 p. ; _c23 cm. |
||
| 600 | 1 | 0 |
_aBerggrav, Eivind, _d1884-1959. _94686 |
| 650 | 0 |
_aLutheran Church _zNorway _xBishops _vBiography. _94687 |
|
| 650 | 0 |
_aChurch and state _zNorway _xHistory _y20th century. _94688 |
|
| 651 | 0 |
_aNorway _xChurch history _y20th century. _94689 |
|
| 906 |
_a7 _bcbc _corignew _d1 _eecip _f20 _gy-gencatlg |
||
| 942 |
_2ddc _cBK |
||
| 999 |
_c2274 _d2274 |
||